Not Going Out - Statistics

General Stats
  • This quiz has been taken 596 times
  • The average score is 9 of 15
Answer Stats
Question Answer % Correct
In which city is the series set? London
96%
Lee used to work in what kind of van? An ice cream van
79%
Which television quiz programme did Lee and Daisy appear on? Pointless
78%
Who has played Lee's dad in a number of episodes? Bobby Ball
70%
Who played Lucy's accident-prone cleaner? Miranda Hart
69%
Who is the only person to appear in every single episode? Lee Mack
67%
What was the name of Lucy's much older boyfriend? Guy
66%
At what kind of event did Lee first meet Daisy? A speed dating event
65%
What is Daisy's profession? Hairdressing
59%
What is Tim's profession? Accountancy
57%
What is Tim's middle name? Gladstone
48%
What is the name of the new lesbian neighbour that Lucy gets friendly with? Amy
42%
Which US state did Kate come from? California
42%
Which country does Daisy think Santa Claus lives in? Wales
37%
What is the name of the teenager Kate offers to look after? Nicky
32%
No matching quizzes found
Score Distribution
Percent of People with Each Score
Percentile by Number Answered
Your Score History
You have not taken this quiz